00858 a2200181 45000010006000000050017000060080041000230030015000640400040000790800068001192450087001872640057002743000017003315050164003480410008005121000073005207000083005934251620260407155714.0260407a1974 arg spa dAR-UNSa-BCEJYS aAR-UNSa-BCEJYSbspacAR-UNSa-BCEJYS a336.1xFinanzas Públicas. Finanzas del gobierno en general 10aTrabajos de investigación presentados en las VII jornadas de finanzas públicas 1aCórdoba :bUniversidad Nacional de Córdobac1974 a2 v.c22 cm. aVol. 1: Tema I: Efectos económicos de la reforma tributaria - Tema II: Seguridad social - Vol. 2: Tema III: Evaluación de proyectos del sector público -  aspa1 aUniversidad Nacional de Córdoba. Facultad de Ciencias Económicas1 aJornadas de Finanzas Públicas (7º : 1974 ago. 21-24 : Córdoba, Argentina)